| 000 | 00959cab a2200337 4500 | ||
|---|---|---|---|
| 001 | ABS50074 | ||
| 008 | 090401t1994 xxu||||| |||| 00| 0 eng d | ||
| 035 | _a(Sirsi) u74017 | ||
| 041 | _aeng | ||
| 100 | _aRenwick, T. | ||
| 245 | _aEuropean directives | ||
| 260 | _c1994 | ||
| 350 | _a0 | ||
| 490 |
_aBuilding _v259(7829) 4 February 1994, 40-41(2) |
||
| 520 | _aA resume of the procurement procedures in the European Union required by the Public Works Directive and the Utilities Directive. | ||
| 650 | _aADVERTISING | ||
| 650 | _aCOMPETITION | ||
| 650 | _aEC LAW | ||
| 650 | _aEUROPEAN UNION | ||
| 650 | _aProcurement-old | ||
| 650 | _aPUBLIC PROCUREMENT | ||
| 650 | _aDIRECTIVE 93/37/EEC | ||
| 650 | _aTENDERING | ||
| 650 | _aTHRESHOLDS | ||
| 650 | _aUTILITIES DIRECTIVE | ||
| 690 | _aBUILT ENVIRONMENT-BUILDING CONTRACT FORMS | ||
| 690 | _aEUROPE-SINGLE MARKET | ||
| 700 | _aBurton, T. | ||
| 942 | _n0 | ||
| 948 | _c04/03/1997 | ||
| 999 |
_c46720 _d46720 |
||